Εκπαιδευτικές φιλοσοφίες : μέσω ποιών εκπαιδευτικών φιλοσοφιών αντιλαμβάνονται οι εκπαιδευτικοί της πρωτοβάθμιας εκπαίδευσης το αναλυτικό πρόγραμμα : διπλωματική εργασία

Αποθηκεύτηκε σε:
Λεπτομέρειες βιβλιογραφικής εγγραφής
Κύριος συγγραφέας: Δημητρίου, Ελένη
Συγγραφή απο Οργανισμό/Αρχή: Πανεπιστήμιο Αιγαίου Σχολή Ανθρωπιστικών Επιστημών Τμήμα Επιστημών της Προσχολικής Αγωγής και του Εκπαιδευτικού Σχεδιασμού Πρόγραμμα Μεταπτυχιακών Σπουδών Μοντέλα Σχεδιασμού και Ανάπτυξης Εκπαιδευτικών Μονάδων
Άλλοι συγγραφείς: Χατζηγεωργίου, Γιάννης (Εισηγητής διατριβής)
Μορφή: Thesis Βιβλίο
Γλώσσα:Greek
Δημοσίευση: 2010
Θέματα:
Διαθέσιμο Online:http://hdl.handle.net/11610/14157
Ετικέτες: Προσθήκη ετικέτας
Δεν υπάρχουν, Καταχωρήστε ετικέτα πρώτοι!

MARC

LEADER 00000cam a2200000 i 4500
001 1/9788
008 100727s2010 gre d
035 |l 10108775 
040 |a GR-MY-UA  |b gre  |e aacr 
041 0 |a gre 
082 0 |a 372.872  |2 (22) 
100 1 |a Δημητρίου, Ελένη. 
245 1 0 |a Εκπαιδευτικές φιλοσοφίες :  |b μέσω ποιών εκπαιδευτικών φιλοσοφιών αντιλαμβάνονται οι εκπαιδευτικοί της πρωτοβάθμιας εκπαίδευσης το αναλυτικό πρόγραμμα : διπλωματική εργασία /  |c Δημητρίου Ελένη ; επιβλέπων: Ιωάννης Χατζηγεωργίου 
260 |c 2010 
300 |a 128 σ.;  |c 30 εκ. 
500 |a Μέλη εξεταστικής επιτροπής: Αναστάσιος Κοντάκος, Εμμανουήλ Κόνσολας 
502 |a Διατριβή (μεταπτυχιακή) – Πανεπιστήμιο Αιγαίου, Ρόδος, 2010. 
504 |a Βιβλιογραφία: σ. 104-107 
650 0 0 |a Music  |x Instruction and study  |x Juvenile. 
650 0 0 |a School music  |x Instruction and study  |x Activity programs. 
650 0 0 |a Dissertations, Academic  |z Greece. 
700 1 |a Χατζηγεωργίου, Γιάννης.  |4 ths 
710 2 |a Πανεπιστήμιο Αιγαίου   |b Σχολή Ανθρωπιστικών Επιστημών   |b Τμήμα Επιστημών της Προσχολικής Αγωγής και του Εκπαιδευτικού Σχεδιασμού   |b Πρόγραμμα Μεταπτυχιακών Σπουδών Μοντέλα Σχεδιασμού και Ανάπτυξης Εκπαιδευτικών Μονάδων . 
852 |a INST  |b RHODES  |c DIATR  |e 20110404  |h 372.872 ΔΗΜ  |p 005400032916  |q 005400032916  |t MTXE  |y 23 
852 |a INST  |b RHODES  |c DIATR  |e 20110404  |h 372.872 ΔΗΜ  |p 005400032917  |q 005400032917  |t MTXE  |y 23 
856 |u http://hdl.handle.net/11610/14157 
901 |a BIBL4-2010-2 
909 |a Ρ  |b 163369 
909 |a Ρ  |b 163370 
924 |a ΔΗΜΗΤΡΙΟΥ  |b ΕΛΕΝΗ  |y ΡΟΔΟΣ  |z 2010-06 
970 |a ΚΟΖΑ  |b ΜΑΡΙΑ  |z 2010/07/27